Spelling Challenge: Ent or Ant? Quiz Stats

 Plays Quiz Updated Jun 24, 2014

Support Sporcle.
Go Orange.
Score 0/36 Timer 02:00
1 Play Today
% Correct
accountant
98%
advertisement
97.8%
adolescent
97.2%
brilliant
97%
different
96.6%
continent
96.5%
assistant
96.5%
efficient
95.8%
abundant
95.3%
important
95.1%
innocent
94.9%
infant
94.6%
ignorant
93.3%
eloquent
93.2%
deodorant
92.8%
imminent
92.2%
independent
90.3%
ambient
90%
% Correct
permanent
89.3%
pleasant
89.2%
insolent
89%
lenient
88.2%
expectant
87.7%
hesitant
86.6%
prominent
86.3%
gradient
85.8%
radiant
83.6%
reluctant
83.1%
redundant
80.8%
observant
80.3%
torrent
79.9%
persistent
78.2%
transient
75.4%
defendant
74.8%
tolerant
71.5%
relevant
69.2%

You're not logged in!

Compare scores with friends on all Sporcle quizzes.
OR
Log In

From the Vault

Andrew Lloyd Webber Musicals

by nick421

We have often wondered who would win in a showdown, Rogers and Hammerstein or Andrew Lloyd Webber...our money is on Webber
Remove Ads.
Support Sporcle.
Get the best of Sporcle when you Go Orange. This ad-free experience offers more features, more stats, and more fun while also helping to support Sporcle. Thank you for becoming a member.

Show Comments

Extras

Top Quizzes Today


Score Distribution

Your Account Isn't Verified!

In order to create a playlist on Sporcle, you need to verify the email address you used during registration. Go to your Sporcle Settings to finish the process.

Report this User

Report this user for behavior that violates our Community Guidelines.

Details: